00218nam a2200085Ia 4500008004100000245002000041260004500061260000900106999001700115170620s9999 xx 000 0 und d 0aValue Education bNew Delhi- A.P.H. Publishing corporation c2004 c24839d24839